Engineering Mechanics Statics (Record no. 5218)

MARC details
000 -LEADER
fixed length control field 00483nam a2200181Ia 4500
003 - CONTROL NUMBER IDENTIFIER
control field SGT
020 ## - INTERNATIONAL STANDARD BOOK NUMBER
International Standard Book Number 9788126526901
082 ## - DEWEY DECIMAL CLASSIFICATION NUMBER
Classification number 620.1
Item number MER
100 ## - MAIN ENTRY--PERSONAL NAME
Personal name Meriam,J.L.
245 ## - TITLE STATEMENT
Title Engineering Mechanics Statics
250 ## - EDITION STATEMENT
Edition statement 6th Ed.
260 ## - PUBLICATION, DISTRIBUTION, ETC. (IMPRINT)
Name of publisher, distributor, etc Wiley India Pvt. Ltd.
Place of publication, distribution, etc N.Delhi
Year of Publication 2010
300 ## - PAGE DESCRIPTION
No. of Pages 510p.
650 ## - SUBJECT ADDED ENTRY--TOPICAL TERM
Topical term or geographic name as entry element MECHANICAL ENGINEERING
653 ## - KEYWORDS--INDEX TERM
Keyword term INTRODUCTION TO STATICS, FORCE SYSTEMS, STRUCTURES, DISTIRBUTED FORCES
700 ## - ADDED ENTRY--PERSONAL NAME
Personal name Kraige,L.G
942 ## - ADDED ENTRY ELEMENTS (KOHA)
Source of classification or shelving scheme Dewey Decimal Classification
Koha item type Books
942 ## - ADDED ENTRY ELEMENTS (KOHA)
-- 13
Holdings
Withdrawn status Lost status Source of classification or shelving scheme Damaged status Not for loan Home library Current library Date acquired SGTU Total Checkouts Full call number Accession No. (Barcode) Date last seen Date last borrowed Bill Date Koha item type
    Dewey Decimal Classification     SGT Engineering Library SGT Engineering Library 24/04/2011 SGTU 2 620.1 MER FE3341 10/12/2024 10/12/2024 09/02/2015 Books
    Dewey Decimal Classification     SGT Engineering Library SGT Engineering Library 24/04/2011 SGTU 6 620.1 MER FE3342 03/01/2025 24/12/2024 09/02/2015 Books
    Dewey Decimal Classification     SGT Engineering Library SGT Engineering Library 24/04/2011 SGTU 6 620.1 MER FE3343 15/10/2024 15/10/2024 09/02/2015 Books
    Dewey Decimal Classification     SGT Engineering Library SGT Engineering Library 24/04/2011 SGTU   620.1 MER FE3344 09/02/2015   09/02/2015 Books